Normal view
MARC view
Entry Topical Term
001 - CONTROL NUMBER
- control field: 232259
003 - CONTROL NUMBER IDENTIFIER
- control field: MY-SjTCS
005 - DATE AND TIME OF LATEST TRANSACTION
- control field: 20200306163354.0
008 - FIXED-LENGTH DATA ELEMENTS
- fixed length control field: 200306|| aca||aabn | a|a d
040 ## - CATALOGING SOURCE
- Original cataloging agency: MY-SjTCS
- Transcribing agency: MY-SjTCS
150 ## - HEADING--TOPICAL TERM
- Topical term or geographic name entry element: Vietnam War, 1961-1975.
670 ## - SOURCE DATA FOUND
- Source citation: Work cat.: (MY-SjTCS)41588: Young, Marilyn Blatt. 232258, The Vietnam wars, 1945-1990 /, c1991.